000 00484nam a2200193Ia 4500
003 OSt
005 20240924100200.0
008 240126s9999 xx 000 0 und d
020 _a9780231130882
040 _c0
041 _aEnglish
082 _a320.51 RAW;1 R
100 _aRawls, John.
245 0 _aPolitical liberalism [Columbia classics in philosophy]
260 _bColumbia University Press
_aNew York
300 _axliii, 350
440 _aNULL
942 _cLL
_2ddc
999 _c287655
_d287655